000 00592nam a2200241Ia 4500
003 OSt
005 20220918191852.0
006 a|||||r|||| 00| 0
007 ta
008 220917b |||||||| |||| 00| 0 eng d
024 _a65,523
037 _cTextual
040 _aARTS
_cARTS
_beng
041 _2eng
_aeng
082 _aQ867:2, J3
100 _aGreenlees Duncan
_977431
245 0 _aGospel of the pyramids
260 _c1953
490 _aworld gospel series
650 _aRELIGION
942 _hQ867:2, J3
_cTEXL
_2CC
999 _c191766
_d191766